00832cam a22002171 4500001001300000003000400013005001700017008004100034010001700075035002000092040001800112042001200130050002500142110006000167245004800227260007000275300003200345501019100377650002900568999001700597e 28000053 DLC20260227111218.0830608s1928 dcud 000 0 eng  ae 28000053  a(OCoLC)29093506 aDLCcMnUdDLC apremarc00aLC1045b.A25 no. 1251 aUnited States.bFederal Board for Vocational Education.04aThe training of foreman conference leaders; aWashington, D.C.,bFederal board for vocational education,c1928. aix, 120 p.bcharts.c23 cm. aWith : A study of the professional training of teachers of vocational agriculture / Edwin Lee Holton. Washington : Govt. Print. Off., 1927. Bound together subsequent to publication.5DLC 0aSupervisors, Industrial. c20901d20901